Statistics for Colorful U.S. City Names

Click here to take the quiz!

General Stats

  • This quiz has been taken 74 times
    (26 since last reset)
  • The average score is 7 of 17

Answer Stats

StatePop.City% Correct
CA139,911Orange
86%
WI107,395Green Bay
71%
NC299,035Greensboro
71%
LA [fr]227,470Baton Rouge
67%
TX [es]200,393Amarillo
62%
SC70,720Greenville
57%
TX186,738Brownsville
52%
KY72,294Bowling Green
43%
CA [es]178,127Santa Rosa
38%
VI44,826Blacksburg
33%
NY59,559White Plains
33%
CA84,292Redwood City
29%
WA73,256Redmond
24%
MD81,015Silver Spring
24%
MO58,603Blue Springs
14%
NJ69,612East Orange
14%
CA73,168Redlands
14%

Score Distribution

Percentile by Number Answered

Percent of People with Each Score

Your Score History

You have not taken this quiz since the last reset